Statistiques concernant Culture Générale - Série 2014

Cliquez ici pour prendre le quiz!

Statistiques générales

  • Ce quiz a été pris 53 fois
  • Le résultat moyen est 3 sur 10

Statistiques - réponses

QuestionRéponse% Correct
De quel pays Tallinn est-elle la capitale ?Estonie
100%
Chat sauvage qui vit en Amérique du Sud et Amérique centrale - voir photoocelot
46%
Quelle animal est l'airedale ... ?chien
37%
Quelle pierre précieuse est associée au signe astral du capricorne ?rubis
35%
C'est un arbre et un mollusque - 6 lettres commençant par " o "ormeau
27%
Cet adjectif désigne un gros rat ,un boeuf et un canardmusqué
25%
Quel vin blanc du vignoble de la vallée de la Loire est issu d'un cépage unique, le melon de Bourgogne ?muscadet
25%
Quelle célèbre dépêche est à l'origine de la guerre franco-allemande de 1870 ?Ems
25%
C'est une capitale africaine et une cravaterabat
17%
Alcool fermenté que l'on fabrique au proche orient, à base de riz, de jus de raisin, d'orge ou de canne à sucre, selon les régions.arac
4%

Distribution des résultats

Percentile par nombre de réponses

% des personnes avec chaque résultat

Votre développement - résultats

Vous n’avez pas pris ce quiz